000 00526nam a22001697a 4500
005 20240902141925.0
008 240902b |||||||| |||| 00| 0 eng d
020 _a978-93-5359-138-6
041 _aeng
082 _a670.7 SIN
100 _aSINGH, PROF AJMER BARAR, & R.S. BAINS, DR. JAGDISH, GILL AND JAGTAR, SINGH
_98503
245 _aESSENTIALS OF PHYSICAL EDUCATION FOR ALL COURSES UGC NET/ SLET EXAMINATION
260 _aLUDHIYANA
_bKALYANI PUBLISHERS
_c2003
300 _a1237;P
650 _aBMLT
_98487
942 _cBK
999 _c8635
_d8633